000 00518nam a2200217Ia 4500
005 20231004094908.0
008 131103s9999 xx 000 0 und d
020 _a00429703x8
040 _aLoreto College
041 _aEnglish
082 _a297.4
_bLIN
100 _aLings, Martin
245 _aWhat is Sufism?
_cMartin Lings
260 _aLondon
_bGeorge Allen
_c1975
300 _a133p.
504 _aIncludes index
650 _aReligion
651 _aIslam-Religion
850 _aLCLIB
942 _cBK
999 _c23109
_d73588